|
|
|
|
| LEADER |
00000nab a2200000 a 4500 |
| 001 |
vtls000145448 |
| 003 |
SK-MaSNL |
| 005 |
20260304204032.0 |
| 008 |
111104c1983 xo 0 slo |
| 015 |
|
|
|a SNBRB19rr/mm-uuuuu
|
| 035 |
|
|
|a CL0155555
|
| 040 |
|
|
|a SNKBUCL
|b slo
|c SNKBUCL
|e AACR2
|
| 041 |
0 |
|
|a slo
|
| 044 |
|
|
|a xo
|c SK
|
| 080 |
|
|
|a 339.923(100-11)
|2 1981
|
| 100 |
1 |
|
|a Čukanov, Olimp
|4 aut
|9 1006920
|
| 245 |
1 |
0 |
|a Ešte hlbšie a efektívnejšie v spolupráci (1)
|b Integrácia - faktor intenzifikácie ekonomiky členských krajín RVHP
|c Olimp Čukanov
|
| 500 |
|
|
|a /Začiatok/.
|
| 650 |
0 |
7 |
|a Rada vzájomnej hospodárskej pomoci
|2 snkbucl
|9 920973
|
| 650 |
0 |
7 |
|a ekonomická integrácia
|2 snkbucl
|9 2139
|
| 650 |
0 |
7 |
|a výroba
|2 snkbucl
|9 15916
|
| 655 |
|
7 |
|a články z novín a časopisov
|2 snkbucl
|9 267496
|
| 773 |
0 |
|
|t Pravda
|g Roč. 64, č. 52 (3. 3. 1983), s. 6
|
| 850 |
|
|
|a Slovenská národná knižnica v Martine
|a MTA001
|
| 852 |
|
|
|a SNK
|b KIS3GCP
|
| 958 |
|
|
|a RK
|
| 992 |
|
|
|a RBX
|
| 999 |
|
|
|c 3113921
|d 3115851
|